Alternatives for trellis systems and pruning of Blackberry: yield and fruit quality in the Southwest region of Mato Grosso do Sul (Registro n. 339764)
[ somente texto ]
| 000 -LÍDER | |
|---|---|
| fixed length control field | 04123nab a2200313 4500 |
| 003 - CÓDIGO MARC DA AGÊNCIA CATALOGADORA | |
| Campo de controle | BR-BrBNA |
| 005 - DATA E HORA DA ÚLTIMA ATUALIZAÇÃO | |
| Campo de controle | 20260107191724.0 |
| 008 - CAMPO DE TAMANHO FIXO | |
| fixed length control field | 260107b2022 bl.|r|pooa||| 00| 0 eng | |
| 040 ## - FONTE DA CATALOGAÇÃO | |
| Agência catalogadora | BR-BrBNA |
| Idioma da catalogação | eng |
| 072 ## - CATEGORIA AGRIS | |
| Código AGRIS | F01 |
| Código do objeto | 0910 |
| 100 ## - ENTRADA PRINCIPAL - NOME PESSOAL | |
| Nome pessoal | Martins, Wesley Alves |
| 100 ## - ENTRADA PRINCIPAL - NOME PESSOAL | |
| Nome pessoal | Santos, Silvia Correa |
| 100 ## - ENTRADA PRINCIPAL - NOME PESSOAL | |
| Nome pessoal | Jara, Raul Sanchez |
| 100 ## - ENTRADA PRINCIPAL - NOME PESSOAL | |
| Nome pessoal | Santos, Cleberton Correia |
| 100 ## - ENTRADA PRINCIPAL - NOME PESSOAL | |
| Nome pessoal | Biscaro, Guilherme Augusto |
| 245 ## - TÍTULO PRINCIPAL | |
| Título principal | Alternatives for trellis systems and pruning of Blackberry: yield and fruit quality in the Southwest region of Mato Grosso do Sul |
| 500 ## - NOTA GERAL | |
| Nota geral | Publicação online; 24 ref.; 5 tables; Summaries (E, Pt) |
| 942 ## - ADDED ENTRY ELEMENTS (KOHA) | |
| Koha item type | Analítica |
| 520 ## - NOTA DE RESUMO | |
| Nota de conteúdo | <br/>Abstract - The cultivation of blackberry trees has been increasing in Brazil, making it necessary to establish management and crop treatments in order to enhance its production. The aim of this study is to evaluate the production and quality of blackberry fruits cv. ‘Tupy’ regarding pruning seasons and trellis systems in the Southwest region of Mato Grosso do Sul. The experiment was developed with evaluations in two production cycles (2013 and 2014). Three trellis systems were studied: C1 – Double-wire trellis, C2 – single-wire trellis, and C3 – ‘T’ trellis; and the following three winter pruning times in both production cycles: P1: 07/12; P2: 07/27; and P3: 08/11. Production performances were similar within each year. In 2013, the harvest period ranged from 10/22/2013 to 01/07/2014, while in 2014 the period ranged from 09/24/2014 to 12/12/2014. In 2014, the highest fruit production per plant occurred when P3 was performed. Cultivation using the Double-wire trellis system (C1) produced 11,669.43 and 3,465.98 kg, while the single-wire trellis system (C2) produced 11,965.53 and 3,373.87 kg in 2013 and 2014, respectively. The highest pH of fruits was observed when pruning was conducted in P1 using the ‘T’ trellis system. Double-wire trellis contributes in higher results of production blackberry in the Southwest region of Mato Grosso do Sul.<br/><br/><br/> <br/>Index terms: Double-wire trellis; early harvest; small fruit. |
| 520 ## - NOTA DE RESUMO | |
| Nota de conteúdo | <br/>Resumo - O cultivo da amoreira-preta vem aumentando no Brasil, tornando-se necessário estabelecer manejo e tratos culturais visando a potencializar sua produção. Diante disto, objetivouse avaliar a produção e a qualidade de frutos de amora-preta cv. “Tupy”, em função de épocas de podas e sistemas de condução na região Sudoeste do Mato Grosso do Sul. O experimento foi desenvolvido com avaliações em dois ciclos de produção (2013 e 2014). Foram estudados três tipos de condução: C1 – espaldeira duplo fio; C2 – espaldeira simples; e C3 – espaldeira em “T”, e três épocas de poda de inverno nos dois ciclos de produção (P1: 12/07; P2: 27/07; e P3: 11/08). Os desempenhos de produção foram próximos dentro de cada ano. Em 2013, o período de colheita variou de 22-10-2013 a 07-01-2014, enquanto em 2014 foi de 24-09-2014 a 12-12-2014. Em 2014, a maior produção de frutos por planta ocorreu ao realizar a P3. O cultivo sob espaldeira duplo fio (C1) apresentou produção de 11.669,43 e 3.465,98 kg, e sob sistema de espaldeira simples (C2) foi de 11.965,53 e 3.373,87 kg, em 2013 e 2014, respectivamente. O maior pH dos frutos foi ao realizar a P1 (12/07) sob sistema de condução em espaldeira em “T”. A condução em espaldeira duplo fio contribuiu em maiores resultados de produção de amora-preta na região sudoeste do Mato Grosso do Sul.<br/><br/><br/><br/>Termos para indexação: Espaldeira duplo fio; antecipação de colheita; pequenas frutas. |
| 650 ## - ASSUNTO - THESAGRO | |
| Cabeçalho tópico ou nome geográfico | AMORA-PRETA |
| 650 ## - ASSUNTO - THESAGRO | |
| Cabeçalho tópico ou nome geográfico | PODA |
| 650 ## - ASSUNTO - THESAGRO | |
| Cabeçalho tópico ou nome geográfico | PRÁTICA CULTURAÇ |
| 650 ## - ASSUNTO - THESAGRO | |
| Cabeçalho tópico ou nome geográfico | PRODUTIVIDADE |
| 650 ## - ASSUNTO - THESAGRO | |
| Cabeçalho tópico ou nome geográfico | MATO GROSSO DO SUL |
| 773 0# - ENTRADA ANALÍTICA | |
| Host Biblionumber | 805 |
| Registro do item | 317058 |
| Imprenta | Jaboticabal-SP Sociedade Brasileira de Fruticultura 1978 |
| Outro identificador | 2024-3620 |
| Título | Revista Brasileira de Fruticultura (Brazil) |
| ISSN | 0100-2945 |
| Colação | v. 44(3) p. 1-9; (2022) |
| Número de controle de registro | BR2025005410 |
| 856 ## - ACESSO E ENDEREÇO ELETRÔNICO | |
| Identificador uniforme de recurso - URI | https://www.scielo.br/j/rbf/a/NBVRTyJqtQb5BJB5gLS4DQP/?format=pdf&lang=en |
Nenhum exemplar disponível.

BINAGRI